Fr. Conceicao Rodrigues College of Engineering

Problem solving with C++ (Record no. 20630)

MARC details
000 -LEADER
fixed length control field 00292nam a2200145Ia 4500
082 ## - DEWEY DECIMAL CLASSIFICATION NUMBER
Classification number 5.133
Item number SAV
100 ## - MAIN ENTRY--PERSONAL NAME
Personal name Savitch/Walter
245 ## - TITLE STATEMENT
Title Problem solving with C++
260 ## - PUBLICATION, DISTRIBUTION, ETC.
Name of publisher, distributor, etc. Addison Wesly
Date of publication, distribution, etc. 1995
300 ## - PHYSICAL DESCRIPTION
Extent 807
546 ## - LANGUAGE NOTE
Language note ENGLISH
654 ## - SUBJECT ADDED ENTRY--FACETED TOPICAL TERMS
Focus term C++
942 ## - ADDED ENTRY ELEMENTS (KOHA)
Koha item type BOOK
Holdings
Withdrawn status Lost status Damaged status Not for loan Collection Home library Current library Date acquired Total Checkouts Full call number Barcode Date last seen Price effective from Koha item type Date last checked out
        CRC Fr. Agnel's C.Rodrigues College of Engineering AGNEL TECHNICAL COLLEGE LIBRARY 17/03/2023 1 5.133 SAV 9356 21/04/2025 17/03/2023 BOOK 05/06/2023
        CRC Fr. Agnel's C.Rodrigues College of Engineering Fr. Agnel's C.Rodrigues College of Engineering 17/03/2023   5.133 SAV 9355 17/03/2023 17/03/2023 BOOK